000 01148nam0a22003131 4500
001 rc\2751353
005 20260405140549.0
010 _d15 к.
021 _aRU
_b39-26913
035 _a(NLR Aleph) 006878253
090 _a7019797
_c7019797
100 _a20110915d1939 |||y0rusy50 ca
101 0 _arus
102 _aRU
105 _aa z |||ab
200 1 _aИван Сусанин
_fЕ.Н. Герасимов
210 _aМосква
_cВоениздат
_d1939
215 _a32 с.
_cил.
_d17 см.
225 1 _aБиблиотека красноармейца
300 _aНа обложке автор не указан
600 1 _aСусанин
_bИ.О.
_f? - 1613
_gИван Осипович
_91395759
_3RU\NLR\AUTH\66587069
700 1 _7ca
_8rus
_aГерасимов
_bЕ. Н.
_cписатель
_f1903-1986
_gЕвгений Николаевич
_9265625
_3RU\NLR\AUTH\770265681
702 1 _4570
_8rus
_7ca
_aСусанин
_bИ. О.
_f-1613
_gИван Осипович
_3RU\NLR\AUTH\7756758
_939690
801 0 _aRU
_bNLR
_gpsbo
801 1 _aRU
_bELAR
_2rusmarc
852 _aNLR
_j39-9/1243
942 _cBOOK
980 _aNB